000 01066nam0a22003131 4500
001 RU\INFOCOMM_327\NLR\5000026183
005 20250613110355.0
035 _a(NLR Aleph) 009559933
090 _a9062222
_c9062222
100 _a20130211d1970 |||y0rusy50 ca
101 0 _aeng
102 _aRU
105 _ay z |||||
200 1 _aLenin and the peoples of the East
_fB. Lunin, D. Sc. (hist.)
210 _aM.
_c"Novosti" press agency publ. house
_d1970
215 _a113 с.
_d17 см
300 _aВ вып. дан.: Б. Лунин. В. И. Ленин и народы Востока
600 1 _aЛенин
_bВ. И.
_xи Восток
_2nlr_sh1
607 _aСтраны Востока
_xИстория
_z20 в.
_2nlr_sh1
620 _aМосква
686 _aМ-Л3.144
_2rubbk
686 _aИ2-950
_2rubbk
700 1 _aLunin
_bB. V.
_f1906-
_gBoris Vladimirovič
702 1 _aLenin
_bV. I.
_f1870-1924
_gVladimir Il'ič
_4570
801 1 _aRU
_bInfocomm
_c20130211
801 0 _aRU
_bINFOCOMM
_gPSBO
852 _aNLR
_jМ21 Д-1/44
942 _cBOOK
980 _aNB